000 01233cam a2200349 i 4500
001 45587
003 KOSZ 005
005 20220406125326.0
008 050214s2005 pl a f f |001 0 pol
020 _a8374410426
040 _cKOSZ 005/RW
_aKOSZ 005/HR
_dKOSZ 005/HR
080 _a502
080 _a574
080 _a(075.8)
100 1 _aBanaszak, Józef
_d(1947- )
_eAutor
245 1 0 _aPodstawy ekologii /
_cJózef Banaszak, Henryk Wiśniewski.
250 _a[Wyd.2].
260 _aToruń :
_bWydaw. Adam Marszałek,
_ccop. 2005.
300 _a587 s., [8] s. tabl. kolor. :
_bil., fot., tab., wykr. ;
_c24 cm.
380 _aKsiążki
388 _a2001-
504 _aBibliogr. s. 517-553. Indeks.
521 _aPodręcznik dla studentów biologii i ochrony środowiska, pracowników naukowych, nauczycieli i uczniów szkół średnich.
650 4 _aEkologia
655 4 _aPodręczniki akademickie
658 _aOchrona środowiska
658 _aBiologia
700 1 _aWiśniewski, Henryk
_eAutor
710 2 _aWydawnictwo Adam Marszałek
856 _uhttp://koha.tu.koszalin.pl/cgi-bin/koha/opac-detail.pl?biblionumber=45587
_yKatalog online BPK
942 _cKS
_2UKD
999 _c45587
_d45587